FBS College Towns - Statistics

General Stats
  • This quiz has been taken 117 times
  • The average score is 102 of 134
Answer Stats
State College City % Correct
Alabama UAB Birmingham
99%
Idaho Boise State Boise
97%
California UCLA Los Angeles
97%
California USC Los Angeles
97%
California San Diego State San Diego
97%
California San Jose State San Jose
97%
Alabama Alabama Tuscaloosa
97%
Alabama Auburn Auburn
95%
Michigan Michigan State East Lansing
95%
California Fresno State Fresno
95%
Michigan Michigan Ann Arbor
93%
Georgia Georgia Athens
93%
Ohio Ohio Athens
93%
New York Buffalo Buffalo
93%
North Carolina Charlotte Charlotte
93%
Texas Houston Houston
93%
Texas Rice Houston
93%
Florida FIU Miami
93%
Georgia Georgia State Atlanta
92%
Georgia Georgia Tech Atlanta
92%
Texas Texas Austin
92%
Colorado Colorado Boulder
92%
Texas SMU Dallas
92%
Kentucky Louisville Louisville
92%
Tennessee Vanderbilt Nashville
92%
New York Syracuse Syracuse
92%
Florida Florida State Tallahassee
92%
Arizona Arizona Tucson
92%
Oklahoma Tulsa Tulsa
92%
Louisiana Louisiana State Baton Rouge
91%
South Carolina Clemson Clemson
91%
Nevada UNLV Las Vegas
91%
Florida UCF Orlando
91%
Pennsylvania Pittsburgh Pittsburgh
91%
Texas UTSA San Antonio
91%
Florida USF Tampa
91%
Ohio Akron Akron
89%
Maryland Navy Annapolis
89%
North Carolina North Carolina (UNC) Chapel Hill
89%
Ohio Cincinnati Cincinnati
89%
Missouri Missouri Columbia
89%
South Carolina South Carolina Columbia
89%
Florida Florida Gainesville
89%
Hawaii Hawaii Honolulu
89%
Alabama Jacksonville State Jacksonville
89%
Tennessee Tennessee Knoxville
89%
Tennessee Memphis Memphis
89%
Louisiana Tulane New Orleans
89%
Ohio Toledo Toledo
89%
Alabama Troy Troy
89%
California California Berkeley
88%
Texas UTEP El Paso
88%
Wisconsin Wisconsin Madison
88%
Pennsylvania Temple Philadelphia
88%
North Carolina North Carolina State Raleigh
88%
Washington Washington Seattle
88%
Texas Texas A&M College Station
86%
Ohio Ohio State Columbus
86%
North Carolina Duke Durham
86%
Oregon Oregon Eugene
86%
Minnesota Minnesota Minneapolis
86%
Louisiana Louisiana-Monroe Monroe
86%
Utah Utah Salt Lake City
86%
Mississippi Ole Miss Oxford
85%
Ohio Miami (OH) Oxford
85%
Indiana Notre Dame South Bend
85%
Kentucky Kentucky Lexington
84%
Nebraska Nebraska Lincoln
84%
Arizona Arizona State Tempe
84%
Illinois Illinois Urbana-Champaign
84%
Indiana Indiana Bloomington
82%
Arkansas Arkansas Fayetteville
82%
Iowa Iowa Iowa City
82%
Utah Brigham Young University Provo
82%
Nevada Nevada Reno
82%
Oklahoma Oklahoma Norman
81%
California Stanford Stanford
81%
Pennsylvania Penn State State College
81%
New Mexico New Mexico Albuquerque
80%
Louisiana Louisiana Lafayette
80%
Texas Baylor Waco
80%
Kentucky Western Kentucky Bowling Green
78%
Ohio Bowling Green Bowling Green
78%
Georgia Kennesaw State Kennesaw
78%
Ohio Kent State Kent
78%
Alabama South Alabama Mobile
78%
New York Army West Point
78%
Texas Texas Christian University Fort Worth
77%
North Carolina Wake Forest Winston-Salem
77%
West Virginia West Virginia Morgantown
76%
Maryland Maryland College Park
74%
Texas Texas Tech Lubbock
74%
Indiana Purdue West Lafayette
74%
Kansas Kansas State Manhattan
73%
Virginia Virginia Tech Blacksburg
70%
Colorado Colorado State Fort Collins
70%
Virginia Virginia Charlottesville
69%
Illinois Northwestern Evanston
69%
Kansas Kansas Lawrence
69%
Oklahoma Oklahoma State Stillwater
69%
Iowa Iowa State Ames
68%
Florida Miami Coral Gables
68%
Michigan Western Michigan Kalamazoo
66%
Mississippi Mississippi State Mississippi State
66%
Massachusetts UMass Amherst
65%
Oregon Oregon State Corvallis
65%
North Carolina Appalachian State Boone
62%
Florida FAU Boca Raton
61%
Washington Washington State Pullman
61%
Wyoming Wyoming Laramie
58%
Virginia Liberty Lynchburg
57%
New Mexico New Mexico State Las Cruces
54%
Virginia Old Dominion Norfolk
54%
Texas North Texas Denton
51%
North Carolina East Carolina Greenville
50%
West Virginia Marshall Huntington
49%
Connecticut UConn Storrs
49%
South Carolina Coastal Carolina Conway
46%
Massachusetts Boston College Chestnut Hill
45%
Utah Utah State Logan
45%
Indiana Ball State Muncie
43%
Tennessee Middle Tennessee State Murfreesboro
41%
Virginia James Madison Harrisonburg
39%
Mississippi Southern Miss Hattiesburg
36%
Arkansas Arkansas State Jonesboro
36%
Texas Texas State San Marcos
36%
Georgia Georgia Southern Statesboro
36%
New Jersey Rutgers Piscataway
35%
Michigan Eastern Michigan Ypsilanti
34%
Louisiana Louisiana Tech Ruston
30%
Illinois Northern Illinois DeKalb
28%
Texas Sam Houston State Huntsville
28%
Colorado Air Force Air Force Academy
22%
Michigan Central Michigan Mount Pleasant
20%
No matching quizzes found
Score Distribution
Percent of People with Each Score
Percentile by Number Answered
Your Score History
You have not taken this quiz